[Event "Valencia Cuna op 4th"]
[Site "Valencia"]
[Date "2023.07.11"]
[Round "4"]
[White "Jobava, Baadur"]
[Black "Docampo Beltran, Dexter"]
[Result "1-0"]
[WhiteElo "2566"]
[BlackElo "2353"]
[PlyCount "79"]
[EventDate "2023.07.08"]
[EventType "swiss"]
[EventRounds "9"]
[EventCountry "ESP"]
[SourceTitle "CBM 215 Extra"]
[Source "ChessBase"]
[SourceDate "2023.09.30"]
[SourceVersion "1"]
[SourceVersionDate "2023.09.30"]
[SourceQuality "1"]

1. d4 d6 2. e4 Nf6 3. Nc3 e5 4. Nf3 Nbd7 5. Bc4 Be7 6. a4 c6 7. a5 0-0 8. 0-0 h6 9. Re1 Re8 10. h3 Bf8 11. Be3 Qc7 12. d5 Nc5 13. Nd2 cxd5 14. exd5 Bf5 15. Bf1 Bg6 16. Ra3 Na6 17. Rb3 Nc5 18. Bxc5 Qxc5 19. Rxb7 Nxd5 20. Nxd5 Qxd5 21. a6 Re7 22. Bc4 Qc6 23. Qf3 Qxf3 24. gxf3 Bxc2 25. Rc1 Bf5 26. Ne4 d5 27. Bxd5 Rd8 28. Bc6 Bc8 29. Rb8 Rc7 30. b4 Be7 31. b5 g6 32. Ra1 Bd7 33. Rxd8+ Bxd8 34. Bxd7 Rc2 35. Rd1 Bb6 36. Rd2 Rc1+ 37. Kg2 f5 38. Nf6+ Kf7 39. Nd5 Bc5 40. b6 1-0

[Event "Alicante IM Teams 3rd"]
[Site "Alicante"]
[Date "2023.07.06"]
[Round "8"]
[White "Garcia Molina, Jose"]
[Black "Docampo Beltran, Dexter"]
[Result "0-1"]
[WhiteElo "2261"]
[BlackElo "2353"]
[PlyCount "70"]
[EventDate "2023.07.03"]
[EventType "schev"]
[EventRounds "9"]
[EventCountry "ESP"]
[SourceTitle "CBM 215 Extra"]
[Source "ChessBase"]
[SourceDate "2023.09.30"]
[SourceVersion "1"]
[SourceVersionDate "2023.09.30"]
[SourceQuality "1"]
[WhiteTeam "Team D"]
[BlackTeam "Team B"]
[WhiteTeamCountry "ESP"]
[BlackTeamCountry "ESP"]

1. d4 d6 2. c4 f5 3. Nc3 Nf6 4. Bg5 Nbd7 5. Qc2 g6 6. h4 h6 7. Bxf6 Nxf6 8. 0-0-0 h5 9. e3 Bh6 10. Bd3 e6 11. Nh3 Qe7 12. Nf4 Qf7 13. Kb1 c6 14. Nh3 e5 15. dxe5 dxe5 16. Ng5 Qe7 17. c5 Qxc5 18. Qb3 Qe7 19. a4 Bxg5 20. hxg5 Nd7 21. Bc4 Nc5 22. Qa2 Bd7 23. b4 Ne6 24. Rxd7 Kxd7 25. Rd1+ Kc7 26. Bxe6 Qxb4+ 27. Kc2 Rad8 28. Rb1 Qc5 29. a5 Rhf8 30. Bc4 Rd6 31. Qb3 Rb8 32. Ba6 Qxa5 33. Bxb7 Rbd8 34. Bxc6 Rd2+ 35. Kc1 Rd1+ 0-1

[Event "Alicante IM Teams 3rd"]
[Site "Alicante"]
[Date "2023.07.03"]
[Round "1"]
[White "Docampo Beltran, Dexter"]
[Black "Macias Pino, Diego"]
[Result "0-1"]
[WhiteElo "2353"]
[BlackElo "2433"]
[PlyCount "126"]
[EventDate "2023.07.03"]
[EventType "schev"]
[EventRounds "9"]
[EventCountry "ESP"]
[SourceTitle "CBM 215 Extra"]
[Source "ChessBase"]
[SourceDate "2023.09.30"]
[SourceVersion "1"]
[SourceVersionDate "2023.09.30"]
[SourceQuality "1"]
[WhiteTeam "Team B"]
[BlackTeam "Team C"]
[WhiteTeamCountry "ESP"]
[BlackTeamCountry "ESP"]

1. e4 c5 2. Nc3 Nc6 3. f4 g6 4. Nf3 Bg7 5. Bb5 Nd4 6. 0-0 a6 7. Bd3 b5 8. e5 Bb7 9. Be4 d5 10. exd6 Bxe4 11. Nxe4 exd6 12. c3 Nf5 13. a4 Rb8 14. axb5 axb5 15. Qe2 Nge7 16. g4 Nh6 17. g5 Nhf5 18. Nf6+ Kf8 19. Ra7 Nc6 20. Ra6 Qc8 21. Ra1 Bxf6 22. gxf6 h6 23. Qe4 Kg8 24. Qd5 Rb6 25. Re1 Qd8 26. b4 c4 27. d3 cxd3 28. Bb2 Qxf6 29. Ra2 Ng7 30. c4 Qxf4 31. c5 Rb8 32. Re4 Qxf3 33. Re8+ Rxe8 34. Qxf3 d2 35. Ra1 Kh7 36. Qc3 Ne5 37. Rf1 Re6 38. Qxd2 Nf5 39. c6 Nc4 40. Qc3 Rg8 41. c7 Re5 42. Ba1 Rc8 43. Qd3 Re6 44. Qd5 Rxc7 45. Qxb5 Ne5 46. Qb6 Rc4 47. b5 Rg4+ 48. Kh1 Nd3 49. Bc3 Rc4 50. Ba1 Rg4 51. Qa7 Re7 52. Qa5 Re2 53. Qc3 Ne5 54. b6 Rh4 55. Kg1 Rhxh2 56. Rxf5 Reg2+ 57. Kf1 gxf5 58. b7 Rf2+ 59. Kg1 Rhg2+ 60. Kh1 Rg8 61. Qh3 Rf3 62. Qg2 Rxg2 63. b8Q Rg8 0-1

[Event "Alicante IM Teams 3rd"]
[Site "Alicante"]
[Date "2023.07.03"]
[Round "2"]
[White "Yurkovskiy, Ivan"]
[Black "Docampo Beltran, Dexter"]
[Result "0-1"]
[WhiteElo "2212"]
[BlackElo "2353"]
[PlyCount "68"]
[EventDate "2023.07.03"]
[EventType "schev"]
[EventRounds "9"]
[EventCountry "ESP"]
[SourceTitle "CBM 215 Extra"]
[Source "ChessBase"]
[SourceDate "2023.09.30"]
[SourceVersion "1"]
[SourceVersionDate "2023.09.30"]
[SourceQuality "1"]
[WhiteTeam "Team D"]
[BlackTeam "Team B"]
[WhiteTeamCountry "ESP"]
[BlackTeamCountry "ESP"]

1. c4 d6 2. g3 e5 3. Bg2 c6 4. Nc3 Be6 5. b3 f5 6. e3 Nf6 7. Nge2 Be7 8. d4 Bf7 9. Bb2 e4 10. Bh3 g6 11. d5 c5 12. Nf4 Na6 13. g4 g5 14. Ne6 Bxe6 15. dxe6 Nb4 16. gxf5 Nd3+ 17. Kf1 Nxb2 18. Qe2 g4 19. Bg2 Nd3 20. Nxe4 Ne5 21. h3 Qc7 22. hxg4 Nexg4 23. Ng5 Rg8 24. f4 0-0-0 25. Bf3 h5 26. Nf7 Rdf8 27. e4 Rg7 28. e5 Rgxf7 29. exf7 dxe5 30. Re1 e4 31. Bxe4 Qxf4+ 32. Bf3 Rxf7 33. Rd1 Ne3+ 34. Kf2 Ne4+ 0-1

[Event "Camaguey 504 Anniv Elite"]
[Site "Camaguey"]
[Date "2018.02.03"]
[Round "5"]
[White "Docampo Beltran, Dexter"]
[Black "Medina Diaz, Rafael Alejandro"]
[Result "0-1"]
[WhiteElo "2380"]
[BlackElo "2303"]
[PlyCount "86"]
[EventDate "2018.02.01"]
[EventType "tourn"]
[EventRounds "10"]
[EventCountry "CUB"]
[SourceTitle "EXT 2021"]
[Source "ChessBase"]
[SourceDate "2020.10.23"]
[SourceVersion "1"]
[SourceVersionDate "2020.10.23"]
[SourceQuality "1"]

1. c4 c5 2. g3 Nf6 3. Bg2 d5 4. cxd5 Nxd5 5. Nc3 Nc7 6. d3 e5 7. Qb3 Nd7 8. Nf3 Be7 9. 0-0 0-0 10. Be3 Rb8 11. Rfc1 b6 12. Bh3 Bb7 13. Qa4 f5 14. a3 a5 15. Ng5 b5 16. Nxb5 Nxb5 17. Qc4+ Kh8 18. Nf7+ Rxf7 19. Qxf7 g6 20. Rc2 Nd4 21. Bxd4 exd4 22. Qe6 Nf6 23. Bg2 Bxg2 24. Kxg2 Qd5+ 25. Qxd5 Nxd5 26. Kf3 Kg7 27. Rd1 Kf6 28. h3 Ke6 29. h4 Nb6 30. Rh1 Na4 31. Rb1 Bd6 32. Rd2 Kd5 33. Rc2 Rb3 34. Kg2 Bf8 35. Rd2 h5 36. Rc2 Bh6 37. Kf1 Nb6 38. Rd1 c4 39. dxc4+ Nxc4 40. Rd3 a4 41. Rcc3 Rxb2 42. e3 Bxe3 43. fxe3 Nxe3+ 0-1

[Event "Camaguey 504 Anniv Elite"]
[Site "Camaguey"]
[Date "2018.02.01"]
[Round "1"]
[White "Docampo Beltran, Dexter"]
[Black "Elias Reyes, Jorge Roberto"]
[Result "1/2-1/2"]
[WhiteElo "2380"]
[BlackElo "2312"]
[PlyCount "43"]
[EventDate "2018.02.01"]
[EventType "tourn"]
[EventRounds "10"]
[EventCountry "CUB"]
[SourceTitle "EXT 2021"]
[Source "ChessBase"]
[SourceDate "2020.10.23"]
[SourceVersion "1"]
[SourceVersionDate "2020.10.23"]
[SourceQuality "1"]

1. e4 e6 2. d4 d5 3. exd5 exd5 4. Qf3 Bd6 5. Bd3 c6 6. Bf4 Bxf4 7. Qxf4 Nf6 8. Qe5+ Qe7 9. Qxe7+ Kxe7 10. Nd2 Be6 11. f3 Nbd7 12. Ne2 Rhe8 13. Kf2 Kf8 14. Nf4 Rad8 15. Nxe6+ Rxe6 16. Rhe1 Rxe1 17. Rxe1 Re8 18. Rxe8+ Kxe8 19. c3 Ke7 20. Bf5 Kd6 21. Bxd7 Nxd7 22. Ke3 1/2-1/2

[Event "Camaguey Confraternidad-A"]
[Site "Camaguey"]
[Date "2017.11.30"]
[Round "6.2"]
[White "Elias Reyes, Jorge Roberto"]
[Black "Docampo Beltran, Dexter"]
[Result "1/2-1/2"]
[WhiteElo "2354"]
[BlackElo "2403"]
[PlyCount "23"]
[EventDate "2017.11.28"]
[EventType "tourn"]
[EventRounds "10"]
[EventCountry "CUB"]
[EventCategory "7"]
[SourceTitle "EXT 2023"]
[Source "ChessBase"]
[SourceDate "2022.10.05"]
[SourceVersion "1"]
[SourceVersionDate "2022.10.05"]
[SourceQuality "1"]

1. e4 d6 2. d4 Nf6 3. Nc3 g6 4. Nf3 Bg7 5. Be2 0-0 6. 0-0 c6 7. Bf4 Nh5 8. Be3 Nd7 9. Qd2 e5 10. Rad1 Qe7 11. Rfe1 Re8 12. d5 1/2-1/2

[Event "Camaguey Confraternidad-A"]
[Site "Camaguey"]
[Date "2017.11.29"]
[Round "4.3"]
[White "Docampo Beltran, Dexter"]
[Black "Fernandez de La Vara, Arnaldo"]
[Result "0-1"]
[WhiteElo "2403"]
[BlackElo "2438"]
[PlyCount "66"]
[EventDate "2017.11.28"]
[EventType "tourn"]
[EventRounds "10"]
[EventCountry "CUB"]
[EventCategory "7"]
[SourceTitle "EXT 2023"]
[Source "ChessBase"]
[SourceDate "2022.10.05"]
[SourceVersion "1"]
[SourceVersionDate "2022.10.05"]
[SourceQuality "1"]

1. e4 c5 2. Nf3 e6 3. d4 cxd4 4. Nxd4 a6 5. Nc3 Qc7 6. Qd3 b5 7. f4 Bb7 8. Qf3 Nf6 9. g4 g6 10. Bd2 Bg7 11. Nce2 d6 12. Bc3 Nbd7 13. Ng3 e5 14. Nb3 exf4 15. g5 fxg3 16. gxf6 g2 17. Rg1 Bh6 18. Rxg2 Ne5 19. Qg3 Rc8 20. Rf2 Nc4 21. Re2 Ne5 22. Rf2 Bc6 23. Nd4 Bd7 24. Nf3 Nxf3+ 25. Rxf3 Qc5 26. a3 Rc6 27. Bb4 Qh5 28. Bxd6 Bg5 29. Qe5+ Kd8 30. Be2 Re8 31. Qd4 Qh4+ 32. Rg3 Bxf6 33. Qd2 Bxb2 0-1

[Event "Camaguey Confraternidad-A"]
[Site "Camaguey"]
[Date "2017.11.29"]
[Round "3.1"]
[White "Docampo Beltran, Dexter"]
[Black "Quesada Vera, Liordis"]
[Result "1/2-1/2"]
[WhiteElo "2403"]
[BlackElo "2391"]
[PlyCount "58"]
[EventDate "2017.11.28"]
[EventType "tourn"]
[EventRounds "10"]
[EventCountry "CUB"]
[EventCategory "7"]
[SourceTitle "EXT 2023"]
[Source "ChessBase"]
[SourceDate "2022.10.05"]
[SourceVersion "1"]
[SourceVersionDate "2022.10.05"]
[SourceQuality "1"]

1. c4 c5 2. g3 Nc6 3. Bg2 g6 4. Nc3 Bg7 5. d3 d6 6. Nf3 e6 7. 0-0 Nge7 8. Bg5 h6 9. Bd2 0-0 10. Qc1 Kh7 11. Rb1 b6 12. a3 Bb7 13. b4 Qd7 14. e3 Rac8 15. Ne1 Nd8 16. b5 Bxg2 17. Nxg2 d5 18. e4 d4 19. Ne2 f5 20. exf5 Nxf5 21. g4 Nd6 22. Ng3 e5 23. f3 Qb7 24. Qd1 Rc7 25. Qe2 Rcf7 26. Ne4 Nxe4 27. fxe4 Ne6 28. Rxf7 Qxf7 29. Rf1 Qxf1+ 1/2-1/2

[Event "Camaguey 503"]
[Site "Camaguey"]
[Date "2017.02.03"]
[Round "5.2"]
[White "Docampo Beltran, Dexter"]
[Black "Leon Valdes, Jony Wilson"]
[Result "0-1"]
[WhiteElo "2405"]
[BlackElo "2312"]
[PlyCount "78"]
[EventDate "2017.02.01"]
[EventType "tourn"]
[EventRounds "9"]
[EventCountry "CUB"]
[EventCategory "6"]
[SourceTitle "EXT 2023"]
[Source "ChessBase"]
[SourceDate "2022.10.05"]
[SourceVersion "1"]
[SourceVersionDate "2022.10.05"]
[SourceQuality "1"]

1. c4 Nf6 2. g3 e6 3. Bg2 d5 4. Nf3 Be7 5. b3 0-0 6. Bb2 c5 7. e3 Nc6 8. 0-0 d4 9. exd4 cxd4 10. Re1 Ne8 11. Ne5 Nxe5 12. Rxe5 f6 13. Re1 e5 14. d3 Nc7 15. Nd2 Rb8 16. a3 a5 17. Nf3 Bg4 18. h3 Be6 19. Nd2 Qd7 20. Kh2 b5 21. Bc1 Kh8 22. Be4 g6 23. Bg2 Na6 24. Qe2 bxc4 25. bxc4 Nc5 26. h4 Bg4 27. Bf3 Bxf3 28. Nxf3 Qf5 29. Nxd4 exd4 30. Qxe7 Qxf2+ 31. Kh3 Qf5+ 32. Kh2 g5 33. Qe2 gxh4 34. gxh4 Nxd3 35. Qf1 Qg4 36. Re2 Nxc1 37. Rxc1 Rb3 38. c5 Qxh4+ 39. Kg1 Rg8+ 0-1

[Event "Capablanca Memorial op-B 48th"]
[Site "Havana"]
[Date "2013.04.28"]
[Round "7"]
[White "Docampo Beltran, Dexter"]
[Black "De la Torre Sanchez, Adrian"]
[Result "0-1"]
[WhiteElo "2204"]
[BlackElo "2154"]
[PlyCount "70"]
[EventDate "2013.04.21"]
[EventType "swiss"]
[EventRounds "9"]
[EventCountry "CUB"]
[SourceTitle "CBM 154 Extra"]
[Source "ChessBase"]
[SourceDate "2013.06.25"]
[SourceVersion "2"]
[SourceVersionDate "2013.06.25"]
[SourceQuality "1"]

1. e4 c5 2. Nf3 Nc6 3. d4 cxd4 4. Nxd4 Nf6 5. Nc3 e5 6. Ndb5 d6 7. Bg5 a6 8. Na3 b5 9. Bxf6 gxf6 10. Nd5 Bg7 11. Bd3 Ne7 12. Nxe7 Qxe7 13. 0-0 0-0 14. c4 f5 15. Qf3 d5 16. cxd5 fxe4 17. Bxe4 Rb8 18. Rad1 Rb6 19. Qd3 Rh6 20. Bf5 Bxf5 21. Qxf5 e4 22. Rfe1 Bxb2 23. Nc2 Qc7 24. Rxe4 Qxh2+ 25. Kf1 Rf6 26. Rg4+ Kh8 27. Qe4 Qh1+ 28. Ke2 Rxf2+ 29. Kxf2 Qxd1 30. Rh4 f5 31. Qe2 Qxd5 32. Nb4 Qc5+ 33. Kf1 Qc1+ 34. Kf2 Bf6 35. Rh3 Qc5+ 0-1

[Event "Capablanca Memorial op-B 48th"]
[Site "Havana"]
[Date "2013.04.23"]
[Round "3"]
[White "Docampo Beltran, Dexter"]
[Black "Jarrin Cobos, Jose"]
[Result "1-0"]
[WhiteElo "2204"]
[BlackElo "2079"]
[PlyCount "49"]
[EventDate "2013.04.21"]
[EventType "swiss"]
[EventRounds "9"]
[EventCountry "CUB"]
[SourceTitle "CBM 154 Extra"]
[Source "ChessBase"]
[SourceDate "2013.06.25"]
[SourceVersion "2"]
[SourceVersionDate "2013.06.25"]
[SourceQuality "1"]

1. e4 e6 2. d4 d5 3. Nc3 Bb4 4. e5 c5 5. a3 Bxc3+ 6. bxc3 Qa5 7. Bd2 Qa4 8. Nf3 Nc6 9. Be3 f5 10. exf6 Nxf6 11. Ne5 0-0 12. Be2 Ne4 13. Bd3 Qa5 14. 0-0 Qxc3 15. Nxc6 bxc6 16. Bxe4 dxe4 17. dxc5 Ba6 18. Re1 Rad8 19. Qg4 Qc4 20. Rad1 Qxc2 21. Qxe6+ Kh8 22. Rd6 Rb8 23. Bd4 Rb7 24. Qf5 Rg8 25. Rh6 1-0

[Event "Capablanca Memorial op-B 48th"]
[Site "Havana"]
[Date "2013.04.21"]
[Round "1"]
[White "Docampo Beltran, Dexter"]
[Black "Gutierrez Espinosa, Karen"]
[Result "1/2-1/2"]
[WhiteElo "2204"]
[BlackElo "2007"]
[PlyCount "192"]
[EventDate "2013.04.21"]
[EventType "swiss"]
[EventRounds "9"]
[EventCountry "CUB"]
[SourceTitle "CBM 154 Extra"]
[Source "ChessBase"]
[SourceDate "2013.06.25"]
[SourceVersion "2"]
[SourceVersionDate "2013.06.25"]
[SourceQuality "1"]

1. e4 c5 2. Nf3 g6 3. d4 cxd4 4. Nxd4 Bg7 5. c4 Nc6 6. Be3 Nf6 7. Nc3 0-0 8. Be2 d6 9. 0-0 Bd7 10. Qd2 Qc8 11. f3 a6 12. Rac1 Qd8 13. Rfd1 Rc8 14. b3 Re8 15. Bf1 Qa5 16. Qf2 b5 17. cxb5 Nxd4 18. Bxd4 axb5 19. Qb2 b4 20. Nd5 Nxd5 21. Bxg7 Nc3 22. Bxc3 bxc3 23. Qc2 Qa3 24. Bc4 Be6 25. Bxe6 fxe6 26. Rd3 Rc5 27. Rxc3 Rxc3 28. Qxc3 Qxa2 29. Qc4 Kf7 30. b4 Qxc4 31. Rxc4 Rb8 32. Kf2 d5 33. Rd4 e5 34. Rxd5 Rxb4 35. Rxe5 Kf6 36. Ra5 Rb2+ 37. Kg3 Rd2 38. Ra6+ Kf7 39. h4 h5 40. f4 Rd3+ 41. Kf2 Rd2+ 42. Kf3 Rd3+ 43. Ke2 Rb3 44. Ra5 Rb2+ 45. Kf3 Rb3+ 46. Kf2 Rb2+ 47. Kg3 Rb3+ 48. Kh2 Rb4 49. Re5 Kf6 50. g3 Rb2+ 51. Kg1 Rb1+ 52. Kf2 Rb2+ 53. Kf1 Rb1+ 54. Ke2 Rb2+ 55. Kd1 Rb4 56. Kc2 Ra4 57. Kd1 Rd4+ 58. Ke2 Ra4 59. Kf3 Ra3+ 60. Kg2 Re3 61. Kf2 Ra3 62. Rg5 Ra2+ 63. Kg1 e6 64. f5 exf5 65. exf5 gxf5 66. Rxh5 Kg6 67. Rg5+ Kf6 68. Rg8 Kf7 69. Rd8 Kg6 70. Kf1 Rb2 71. Re8 Ra2 72. Re2 Ra3 73. Kf2 Rb3 74. Re3 Rb4 75. Kf3 Ra4 76. Re6+ Kf7 77. Rb6 Kg7 78. h5 Rg4 79. Ra6 Rb4 80. Rg6+ Kf7 81. Ke3 Ra4 82. Rg5 Kf6 83. Rg8 Kf7 84. Rd8 Rg4 85. Kf3 Rb4 86. Rd7+ Ke6 87. Ra7 Kf6 88. h6 Kg6 89. h7 Rb8 90. Kf4 Rh8 91. Ke5 Re8+ 92. Kd6 Rh8 93. Ke6 Re8+ 94. Re7 Rh8 95. Ke5 Rf8 96. Kf4 Rh8 1/2-1/2

[Event "CUB-ch U18"]
[Site "San Nicolas de Bari"]
[Date "2012.04.17"]
[Round "5"]
[White "Perera Alfonso, Rene Humberto"]
[Black "Docampo Beltran, Dexter"]
[Result "1-0"]
[WhiteElo "2198"]
[BlackElo "2139"]
[PlyCount "87"]
[EventDate "2012.04.15"]
[EventType "swiss"]
[EventRounds "9"]
[EventCountry "CUB"]
[SourceTitle "CBM 148 Extra"]
[Source "ChessBase"]
[SourceDate "2012.06.22"]
[SourceVersion "1"]
[SourceVersionDate "2012.06.22"]
[SourceQuality "1"]

1. e4 c5 2. Nf3 d6 3. d4 cxd4 4. Nxd4 Nf6 5. Nc3 Nc6 6. Bg5 e6 7. Qd2 a6 8. 0-0-0 h6 9. Be3 Be7 10. f3 Nxd4 11. Bxd4 b5 12. Kb1 Rb8 13. Bf2 Qa5 14. g4 b4 15. Ne2 e5 16. Ba7 Be6 17. Nc1 Rb7 18. Nb3 Qa4 19. h4 Nd7 20. Be3 Nc5 21. Qe2 Rb5 22. Rh2 0-0 23. g5 h5 24. Bh3 Ra5 25. Bxe6 Qxa2+ 26. Kc1 Nxe6 27. Nxa5 Qxa5 28. Kb1 g6 29. Qc4 Nc7 30. f4 exf4 31. Bxf4 Rb8 32. Bxd6 Bxd6 33. Rxd6 Nb5 34. Rxg6+ Kh8 35. Rh6+ Kg7 36. Rh3 Qd8 37. Rf6 Qd7 38. Rhf3 Rb7 39. Rxf7+ Qxf7 40. Rxf7+ Rxf7 41. Qe6 b3 42. cxb3 Rf1+ 43. Ka2 Kf8 44. Qxa6 1-0